Synthesis of small subunit of ribulose 1, 5-bisphosphate carboxylase in the French bean phaseolus vulgaris (Record no. 45963)

MARC details
000 -LEADER
fixed length control field 00389nam a2200121Ia 4500
100 ## - MAIN ENTRY--AUTHOR NAME
Personal name Gray John C
245 #0 - TITLE STATEMENT
Title Synthesis of small subunit of ribulose 1, 5-bisphosphate carboxylase in the French bean phaseolus vulgaris
260 ## - PUBLICATION, DISTRIBUTION, ETC. (IMPRINT)
Name of publisher European Journal of Biochemistry
Year of publication 1974
300 ## - PHYSICAL DESCRIPTION
Number of Pages 491-500
700 ## - ADDED ENTRY--PERSONAL NAME
Personal name Kekwick Roy G O
942 ## - ADDED ENTRY ELEMENTS (KOHA)
Koha item type Reprints
Holdings
Withdrawn status Lost status Damaged status Not for loan Home library Current library Date acquired Serial Enumeration / chronology Accession Number Koha item type
      Reprints RRII Library RRII Library 22/12/2021 Volume 44, Issue P0854 Reprints